000 00383nam a22001337a 4500
003 SGT
020 _a9788126728299
082 _a891.4309
_bC16M
100 _aमंडल, दिलीप
245 _aचौथा खम्बा प्राइवेट लिमटेड
260 _bराजकमल पेपरबैक्स
_c2016
300 _a151
942 _2ddc
_cBK
999 _c29741
_d29741